000
00261nam a2200109 a 4500
001
4140
005
20140414131939.0
008
090218s19uu xx 00 eng d
050
_a
TR 372.4
_b
R22 2006
245
_a
Reader rabbit :
_b
rhyming words.
999
_c
112555
_d
112555